| 000 | 00964nam a22002177a 4500 | ||
|---|---|---|---|
| 005 | 20120130120335.0 | ||
| 010 | _a | ||
| 020 |
_c150.00 _a 8186308857 |
||
| 035 | _aB-69605 | ||
| 037 |
_b _adpl |
||
| 082 | _a004.16 | ||
| 100 |
_aशर्मा, वाई.डी. _940358 |
||
| 245 |
_aमाइक्रोप्रोसेसर संरचना एवं प्रोग्रामिंग / _cवाई.डी. शर्मा |
||
| 246 |
_a _b |
||
| 260 |
_a दिल्ली _bस्टैण्डर्ड पब्लि. _c2002 |
||
| 270 |
_a _bदिल्ली _e |
||
| 300 |
_a490पृ _c25सेमी (सजिल्द) _b |
||
| 650 |
_aकम्प्यूटर विज्ञान _940359 |
||
| 942 |
_2ddc _cHN _mशर्मावा _h004.16 |
||
| 999 |
_c61652 _d61652 |
||